[Event "Odorheiu Secuiesc op"]
[Site "?"]
[Date "1993.??.??"]
[Round "1"]
[White "Navrotescu , Catalin"]
[Black "Bets, A."]
[Result "1-0"]
[WhiteElo "2410"]
[BlackElo "2260"]
[PlyCount "87"]
[EventDate "1993.??.??"]

1. d4 d5 2. c4 c6 3. Nf3 Nf6 4. Qc2 e6 5. g3 c5 6. cxd5 Nxd5 7. dxc5 Qa5+ 8.
Bd2 Qxc5 9. Nc3 Nc6 10. Rc1 Be7 11. Bg2 Nxc3 12. Bxc3 O-O 13. O-O Rd8 14. a3
Qb5 15. b4 Bd7 16. a4 Qh5 17. Qb2 Bf8 18. b5 Ne7 19. Ne5 Nd5 20. Bd4 f6 21. Nd3
Be8 22. a5 Qf7 23. Rfd1 Nc7 24. a6 Nd5 25. e4 Nc7 26. axb7 Rab8 27. e5 Nxb5 28.
Bc5 Bxc5 29. Nxc5 Rxd1+ 30. Rxd1 Qe7 31. Nxe6 Bf7 32. Qxb5 Bxe6 33. exf6 gxf6
34. Qa6 Bb3 35. Rc1 Be6 36. Re1 Kf7 37. Bh3 Rxb7 38. Bxe6+ Kg7 39. Qc4 Rb6 40.
Qg4+ Kh6 41. Re4 Rb1+ 42. Kg2 Qb7 43. Kh3 Qb5 44. Bf5 1-0

[Event "Odorheiu Secuiesc op"]
[Site "?"]
[Date "1993.??.??"]
[Round "2"]
[White "Popescu, Daniel Dorin"]
[Black "Navrotescu , Catalin"]
[Result "1/2-1/2"]
[WhiteElo "2305"]
[BlackElo "2410"]
[PlyCount "38"]
[EventDate "1993.??.??"]

1. e4 e6 2. d4 c5 3. Nf3 cxd4 4. Nxd4 a6 5. Nc3 Qc7 6. g3 Nf6 7. Bg2 d6 8. O-O
Be7 9. Be3 Nc6 10. Nxc6 bxc6 11. Na4 Rb8 12. c4 c5 13. b3 O-O 14. f4 Bb7 15.
Nc3 Nd7 16. Qd2 Rfe8 17. Rad1 Rbd8 18. g4 Bc6 19. g5 Bf8 1/2-1/2

[Event "Odorheiu Secuiesc op"]
[Site "?"]
[Date "1993.??.??"]
[Round "3"]
[White "Navrotescu , Catalin"]
[Black "Bondoc, Dan Vladimir"]
[Result "1-0"]
[WhiteElo "2410"]
[BlackElo "2295"]
[PlyCount "103"]
[EventDate "1993.??.??"]

1. Nf3 Nf6 2. g3 b6 3. Bg2 Bb7 4. O-O d6 5. c4 e6 6. Nc3 Be7 7. d4 Ne4 8. Bd2
Nd7 9. d5 Nxc3 10. Bxc3 e5 11. e4 O-O 12. Ne1 c6 13. dxc6 Bxc6 14. Nc2 Nc5 15.
Re1 a5 16. b3 Qd7 17. f3 f5 18. exf5 Qxf5 19. Ne3 Qf7 20. f4 Bxg2 21. Nxg2 Rad8
22. Qe2 Bf6 23. Rad1 Rfe8 24. Qb2 Qg6 25. Qb1 Qh5 26. Qc2 Ne6 27. Qe2 Qf7 28.
fxe5 dxe5 29. Rxd8 Rxd8 30. Bxe5 Be7 31. Nf4 Bc5+ 32. Kg2 Ng5 33. Rd1 Re8 34.
h4 Qb7+ 35. Rd5 Nf7 36. Kh2 Nh6 37. Qd1 Qf7 38. Rd7 Re7 39. Rxe7 Qxe7 40. Qd5+
Qf7 41. Kg2 Ng4 42. Qa8+ Bf8 43. Bd4 h6 44. Bxb6 g5 45. hxg5 hxg5 46. Nh3 Nf6
47. Bc5 g4 48. Ng5 Qe8 49. Qxe8 Nxe8 50. Bxf8 Kxf8 51. Kf2 Ke7 52. Ke3 1-0

[Event "Odorheiu Secuiesc op"]
[Site "?"]
[Date "1993.??.??"]
[Round "4"]
[White "Bach, Adrian Kalman"]
[Black "Navrotescu , Catalin"]
[Result "0-1"]
[WhiteElo "2345"]
[BlackElo "2410"]
[PlyCount "54"]
[EventDate "1993.??.??"]

1. e4 e6 2. d4 d5 3. Nc3 Bb4 4. e5 b6 5. a3 Bf8 6. Bb5+ c6 7. Ba4 Bd7 8. Bb3 c5
9. dxc5 Bxc5 10. Qg4 Bf8 11. Nf3 Ne7 12. Bg5 h6 13. Bxe7 Qxe7 14. O-O-O Na6 15.
h4 Rc8 16. Nxd5 exd5 17. e6 fxe6 18. Rhe1 Kd8 19. Bxd5 Qc5 20. Bb3 Bd6 21. Qxg7
Re8 22. Re5 Qc7 23. Qf6+ Re7 24. Qf8+ Be8 25. Nd4 Nc5 26. Bc4 Nd7 27. Qxh6 Bxe5
0-1

[Event "Odorheiu Secuiesc op"]
[Site "?"]
[Date "1993.??.??"]
[Round "5"]
[White "Navrotescu , Catalin"]
[Black "Emodi, Gyula"]
[Result "1/2-1/2"]
[WhiteElo "2410"]
[BlackElo "2335"]
[PlyCount "32"]
[EventDate "1993.??.??"]

1. d4 Nf6 2. Nf3 g6 3. Bg5 Bg7 4. Nbd2 d5 5. e3 O-O 6. c3 a5 7. Bd3 c5 8. O-O
Nfd7 9. c4 dxc4 10. Nxc4 cxd4 11. exd4 Nf6 12. Nce5 Be6 13. Qe2 Bd5 14. Rfe1
Nc6 15. Nxc6 Bxc6 16. Rad1 e6 1/2-1/2

[Event "Odorheiu Secuiesc op"]
[Site "?"]
[Date "1993.??.??"]
[Round "6"]
[White "Ghinda, Mihail Viorel"]
[Black "Navrotescu , Catalin"]
[Result "1/2-1/2"]
[WhiteElo "2450"]
[BlackElo "2410"]
[PlyCount "49"]
[EventDate "1993.??.??"]

1. e4 e5 2. Nf3 Nc6 3. Bb5 Nf6 4. O-O Bc5 5. c3 O-O 6. d4 Bb6 7. dxe5 Nxe4 8.
Qd5 Nc5 9. Bg5 Ne7 10. Qd1 Ne4 11. Bh4 d5 12. Nbd2 c6 13. Bd3 Bf5 14. Qc2 Nxd2
15. Bxf5 Nxf3+ 16. gxf3 Kh8 17. Kh1 Qc7 18. f4 Nxf5 19. Qxf5 Qc8 20. Qh5 Bd8
21. Bxd8 Rxd8 22. Rg1 g6 23. Qg5 Qe6 24. Rae1 Rg8 25. Rg3 1/2-1/2

[Event "Odorheiu Secuiesc op"]
[Site "?"]
[Date "1993.??.??"]
[Round "7"]
[White "Navrotescu , Catalin"]
[Black "Cosma, Ioan"]
[Result "1-0"]
[WhiteElo "2410"]
[BlackElo "2365"]
[PlyCount "83"]
[EventDate "1993.??.??"]

1. d4 Nf6 2. Nf3 e6 3. c4 b6 4. Bg5 Bb7 5. e3 Be7 6. Bd3 d6 7. Nc3 h6 8. Bxf6
Bxf6 9. O-O Nd7 10. Be4 Bxe4 11. Nxe4 O-O 12. Qc2 Be7 13. d5 e5 14. g4 a5 15.
Kh1 Nc5 16. Nxc5 bxc5 17. Rg1 g6 18. Rg3 Qd7 19. Rag1 Kg7 20. h4 Rab8 21. h5 g5
22. e4 c6 23. Nd2 cxd5 24. cxd5 Rb5 25. Rb3 Rfb8 26. Rxb5 Qxb5 27. Nc4 Qa6 28.
Rg3 Rb4 29. Rc3 Kg8 30. a3 Rb8 31. Rb3 Rb5 32. Kg2 Kf8 33. Ne3 Rxb3 34. Qxb3
Kg8 35. Nc4 a4 36. Qc2 Qb5 37. Ne3 f6 38. Nd1 Bd8 39. Nc3 Qb3 40. Qxb3 axb3 41.
Nb1 c4 42. Nd2 1-0

[Event "Odorheiu Secuiesc op"]
[Site "?"]
[Date "1993.??.??"]
[Round "8"]
[White "Navrotescu , Catalin"]
[Black "Nevednichy, Boris"]
[Result "1/2-1/2"]
[WhiteElo "2410"]
[BlackElo "2330"]
[PlyCount "115"]
[EventDate "1993.??.??"]

1. Nf3 d6 2. d4 Bg4 3. e4 Nf6 4. Nc3 c6 5. h3 Bxf3 6. Qxf3 Nbd7 7. g4 g6 8. Be2
Bg7 9. Be3 Qa5 10. O-O-O d5 11. Kb1 Nxe4 12. Nxe4 dxe4 13. Qxe4 Nf6 14. Qf3 Nd5
15. h4 h5 16. gxh5 Rxh5 17. Qg3 Nxe3 18. fxe3 Rh6 19. Rdf1 Qd5 20. Rh2 O-O-O
21. Bg4+ f5 22. Bxf5+ gxf5 23. Qxg7 Qe6 24. Qg3 Rg8 25. Qf2 Qe4 26. h5 Rg5 27.
Rh4 Qg2 28. Qxg2 Rxg2 29. b3 Rg5 30. Rfh1 Kd7 31. Kb2 Ke6 32. Kc3 Kf6 33. Kd3
Rg4 34. R4h3 Kg5 35. R1h2 Rg1 36. a4 a5 37. c3 Rg4 38. Kc4 e5 39. Kc5 e4 40.
Kb6 f4 41. exf4+ Rxf4 42. Kxa5 Rf3 43. Rxf3 exf3 44. Kb6 Rh7 45. a5 Rxh5 46.
Rb2 Kf4 47. Kxb7 Rxa5 48. Kxc6 Ke4 49. Rh2 Ra3 50. d5 Ra6+ 51. Kb5 Rf6 52. c4
f2 53. Rxf2 Rxf2 54. d6 Ke5 55. Kc6 Ke6 56. c5 Rf8 57. Kc7 Rf7+ 58. Kc6 1/2-1/2

[Event "Odorheiu Secuiesc op"]
[Site "?"]
[Date "1993.??.??"]
[Round "9"]
[White "Lupu, Mircea Sergiu"]
[Black "Navrotescu , Catalin"]
[Result "1-0"]
[WhiteElo "2435"]
[BlackElo "2410"]
[PlyCount "73"]
[EventDate "1993.??.??"]

1. e4 c5 2. Nf3 Nc6 3. Bb5 Na5 4. b3 e6 5. O-O a6 6. Be2 d6 7. d4 cxd4 8. Nxd4
Nf6 9. Nc3 Be7 10. Bb2 Qc7 11. f4 O-O 12. Kh1 b5 13. Bd3 Bb7 14. Qe1 Nd7 15.
Qg3 Bf6 16. Nce2 Nc6 17. Rae1 Rfe8 18. c3 g6 19. Nxc6 Bxc6 20. Nd4 Bb7 21. Bb1
Bg7 22. f5 exf5 23. exf5 Nf6 24. Qh4 Rxe1 25. Rxe1 Re8 26. Rxe8+ Nxe8 27. Bd3
Bd5 28. Qe1 Nf6 29. Qe2 Nd7 30. c4 bxc4 31. bxc4 Bb7 32. fxg6 hxg6 33. Ne6 fxe6
34. Qxe6+ Kf8 35. Bxg6 Bxg2+ 36. Kxg2 Qb7+ 37. Kg1 1-0

[Event "Odorheiu Secuiesc op"]
[Site "?"]
[Date "1993.??.??"]
[Round "11"]
[White "Navrotescu , Catalin"]
[Black "Dumitrescu, Dragos Nicolae"]
[Result "0-1"]
[WhiteElo "2410"]
[BlackElo "2290"]
[PlyCount "66"]
[EventDate "1993.??.??"]

1. d4 g6 2. c4 Nf6 3. g3 Bg7 4. Bg2 O-O 5. Nc3 d6 6. Nf3 Nc6 7. O-O a6 8. d5
Na5 9. Nd2 c5 10. Qc2 Rb8 11. b3 b5 12. Bb2 bxc4 13. bxc4 Bh6 14. f4 e5 15.
Rae1 exf4 16. gxf4 Nh5 17. e3 Bg7 18. Nd1 Bf5 19. e4 Rxb2 20. Nxb2 Bd4+ 21. Kh1
Qh4 22. Qd3 Nxf4 23. Qg3 Nxg2 24. Kxg2 Bh3+ 25. Qxh3 Qg5+ 26. Kh1 Qxd2 27. Nd3
Nxc4 28. Rd1 Qxa2 29. Rf3 Ne5 30. Nxe5 Bxe5 31. Rdf1 Qa4 32. Rxf7 Rxf7 33. Qc8+
Kg7 0-1

[Event "ROM Team Ch"]
[Site "Romania"]
[Date "1993.??.??"]
[Round "1"]
[White "Mozes, Ervin"]
[Black "Navrotescu , Catalin"]
[Result "1/2-1/2"]
[WhiteElo "2365"]
[BlackElo "2410"]
[PlyCount "83"]
[EventDate "1993.??.??"]

1. g3 e5 2. Nf3 e4 3. Nd4 c5 4. Nb3 c4 5. Nd4 Bc5 6. c3 Nc6 7. Nxc6 dxc6 8. Bg2
Nf6 9. b3 Be6 10. Ba3 Qe7 11. Bxc5 Qxc5 12. b4 Qe5 13. Na3 h5 14. h3 O-O 15.
Nc2 Rad8 16. Ne3 Rd7 17. Qc2 Rfd8 18. Rd1 a5 19. a3 axb4 20. axb4 g6 21. h4 Bg4
22. Nxg4 hxg4 23. O-O Kg7 24. Rfe1 Rd6 25. Qa2 b5 26. Qc2 Re6 27. Qc1 Rde8 28.
Rf1 Rd8 29. Rfe1 Red6 30. Qc2 Rh8 31. Qc1 g5 32. d4 Qf5 33. Qxg5+ Qxg5 34. hxg5
Nd5 35. Rc1 Re6 36. Kf1 Rh5 37. f4 exf3 38. exf3 Rxe1+ 39. Kxe1 Rxg5 40. Kf2
gxf3 41. Kxf3 Rf5+ 42. Ke2 1/2-1/2

[Event "ROM Team Ch"]
[Site "Romania"]
[Date "1993.??.??"]
[Round "3"]
[White "Gheorghiu, Florin"]
[Black "Navrotescu , Catalin"]
[Result "1/2-1/2"]
[WhiteElo "2475"]
[BlackElo "2410"]
[PlyCount "20"]
[EventDate "1993.??.??"]

1. d4 d5 2. c4 c6 3. Nf3 Nf6 4. Nc3 e6 5. e3 Nbd7 6. Bd3 dxc4 7. Bxc4 b5 8. Be2
b4 9. Na4 Be7 10. O-O O-O 1/2-1/2

[Event "ROM Team Ch"]
[Site "Romania"]
[Date "1993.??.??"]
[Round "4"]
[White "Navrotescu , Catalin"]
[Black "Lupu, Mircea Sergiu"]
[Result "1/2-1/2"]
[WhiteElo "2410"]
[BlackElo "2435"]
[PlyCount "80"]
[EventDate "1993.??.??"]

1. d4 Nf6 2. c4 g6 3. Nf3 Bg7 4. g3 O-O 5. Bg2 c5 6. O-O Na6 7. Nc3 d6 8. h3
Nd7 9. Be3 Nc7 10. Qd2 Rb8 11. Rfd1 b6 12. Rab1 Nf6 13. a3 Bf5 14. Rbc1 Qc8 15.
Kh2 Ne4 16. Nxe4 Bxe4 17. b4 Ne6 18. d5 Bxf3 19. dxe6 Bxg2 20. exf7+ Rxf7 21.
Kxg2 Qc6+ 22. Qd5 Qxd5+ 23. Rxd5 Bb2 24. Rb1 Bxa3 25. b5 Bb4 26. Bd2 Bxd2 27.
Rxd2 Rb7 28. Ra1 Rd7 29. e4 e5 30. Rad1 Rf6 31. Ra1 Rdf7 32. Ra3 Rd7 33. Rda2
Rff7 34. Rd2 Kf8 35. Rda2 Ke8 36. Ra1 Kd8 37. R1a2 Kc8 38. Rd2 Rf6 39. Rad3 Kb7
40. Ra2 Rdf7 1/2-1/2

[Event "ROM Team Ch"]
[Site "Romania"]
[Date "1993.??.??"]
[Round "5"]
[White "Hristodorescu, Daniel"]
[Black "Navrotescu , Catalin"]
[Result "1/2-1/2"]
[WhiteElo "2335"]
[BlackElo "2410"]
[PlyCount "106"]
[EventDate "1993.??.??"]

1. e4 e6 2. d4 d5 3. exd5 exd5 4. Nf3 Nc6 5. c3 Bd6 6. Bd3 Nge7 7. Qc2 Bg4 8.
Nbd2 Qd7 9. Nb3 Bxf3 10. gxf3 f5 11. f4 O-O 12. Nc5 Bxc5 13. dxc5 Nd8 14. Be3
Ne6 15. h4 b6 16. cxb6 axb6 17. a3 Qd6 18. O-O-O Nxf4 19. Bc4 c6 20. Qd2 Ne6
21. f3 f4 22. Bf2 Nf5 23. Ba2 b5 24. Rhg1 Qe5 25. Rde1 Qf6 26. Bb1 Rae8 27. Qd3
g6 28. Rg4 Nfg7 29. Reg1 Qf5 30. Qf1 Qe5 31. Qg2 d4 32. Re1 Qf6 33. cxd4 Nxd4
34. Be4 Rd8 35. Bxd4 Rxd4 36. h5 Rfd8 37. hxg6 h5 38. Bc2 Rd2 39. Qh3 Qd4 40.
Rg2 Qd6 41. Qh2 Rxg2 42. Qxg2 c5 43. Rd1 Qe7 44. Rxd8+ Qxd8 45. Qe2 Qe8 46. Qd1
Qe7 47. a4 bxa4 48. Bxa4 Ne8 49. Qd5+ Kg7 50. Qxh5 Qe3+ 51. Kb1 Qd3+ 52. Bc2
Qf1+ 53. Ka2 Qc4+ 1/2-1/2

[Event "ROM Team Ch"]
[Site "Romania"]
[Date "1993.??.??"]
[Round "6"]
[White "Vasilescu, Lucian-Mihail"]
[Black "Navrotescu , Catalin"]
[Result "1/2-1/2"]
[WhiteElo "2400"]
[BlackElo "2410"]
[PlyCount "38"]
[EventDate "1993.??.??"]

1. d4 d5 2. c4 c6 3. Nf3 Nf6 4. Qb3 dxc4 5. Qxc4 Bf5 6. g3 e6 7. Bg2 Nbd7 8.
O-O Be7 9. Nc3 O-O 10. e3 b5 11. Qe2 b4 12. Na4 Qa5 13. b3 Qb5 14. Re1 Bd3 15.
Qd1 Rac8 16. Bb2 Rfd8 17. Rc1 Qa6 18. Nd2 Bb5 19. Bf1 Qb7 1/2-1/2

[Event "ROM-chT"]
[Site "?"]
[Date "1993.??.??"]
[Round "?"]
[White "Navrotescu , Catalin"]
[Black "Nevednichy, Vladislav"]
[Result "1/2-1/2"]
[WhiteElo "2410"]
[BlackElo "2495"]
[PlyCount "49"]
[EventDate "1993.??.??"]

1. d4 d6 2. Nf3 Nf6 3. g3 g6 4. Bg2 Bg7 5. O-O O-O 6. c4 Nc6 7. Nc3 a6 8. b3
Rb8 9. Bb2 Bd7 10. Rc1 b5 11. cxb5 axb5 12. Ne1 b4 13. Na4 Na5 14. Nd3 Bxa4 15.
bxa4 Qd7 16. Qd2 Qxa4 17. Rxc7 e6 18. Ra7 Qb5 19. Qxb4 Qxb4 20. Nxb4 Rxb4 21.
Bc3 Nc6 22. Rc7 Rc4 23. Rxc6 Rxc6 24. Bxc6 Rc8 25. d5 1/2-1/2

[Event "Wattens Open"]
[Site "Wattens"]
[Date "1993.??.??"]
[Round "?"]
[White "Anibas, Juergen"]
[Black "Navrotescu , Catalin"]
[Result "1/2-1/2"]
[WhiteElo "1980"]
[BlackElo "2390"]
[PlyCount "22"]
[EventDate "1993.??.??"]

1. e4 e5 2. Nf3 Nc6 3. Bb5 Nf6 4. O-O Bc5 5. c3 O-O 6. d4 Bb6 7. Bg5 h6 8. Bxf6
Qxf6 9. Bxc6 Qxc6 10. Nxe5 Qxe4 11. Nd2 Qf5 1/2-1/2

[Event "Wattens op"]
[Site "Wattens"]
[Date "1993.??.??"]
[Round "?"]
[White "Blaas, Hansjoerg"]
[Black "Navrotescu , Catalin"]
[Result "0-1"]
[WhiteElo "2045"]
[BlackElo "2390"]
[PlyCount "66"]
[EventDate "1993.??.??"]
[EventRounds "9"]
[EventCountry "AUT"]

1. e4 e6 2. d4 d5 3. e5 c5 4. c3 Nc6 5. Nf3 Qb6 6. Be2 Nh6 7. Bxh6 gxh6 8. Qd2
Bg7 9. O-O O-O 10. Na3 cxd4 11. cxd4 f6 12. exf6 Rxf6 13. Nc2 Bd7 14. Kh1 Raf8
15. Bd3 Kh8 16. b4 Rf4 17. Rad1 Be8 18. Qe3 Bh5 19. Be2 Bxf3 20. Bxf3 Nxd4 21.
Nxd4 Bxd4 22. Rxd4 Qxd4 23. Qxe6 Qf6 24. Qxd5 Rxb4 25. Qc5 Rf4 26. Qe3 b5 27.
Kg1 a5 28. Be2 b4 29. a3 Rd4 30. Rc1 Rd7 31. Bb5 Re7 32. Qc5 Re5 33. Qc4 Qxf2+
0-1

[Event "Wattens op"]
[Site "Wattens"]
[Date "1993.??.??"]
[Round "?"]
[White "Kuporosov, Viktor"]
[Black "Navrotescu , Catalin"]
[Result "1-0"]
[WhiteElo "2500"]
[BlackElo "2390"]
[PlyCount "41"]
[EventDate "1993.??.??"]
[EventRounds "9"]
[EventCountry "AUT"]

1. e4 e5 2. Nf3 Nc6 3. Bb5 Nf6 4. O-O Bc5 5. c3 O-O 6. d4 Bb6 7. Bg5 h6 8. Bh4
d6 9. Qd3 Qe7 10. Nbd2 Nb8 11. Rfe1 c6 12. Ba4 g5 13. Nxg5 hxg5 14. Bxg5 Kh7
15. Qg3 Rh8 16. Re3 Bd8 17. Rf3 Nbd7 18. d5 Rb8 19. dxc6 bxc6 20. Bxc6 Qe6 21.
Rf5 1-0

[Event "Wattens op"]
[Site "Wattens"]
[Date "1993.??.??"]
[Round "?"]
[White "Navrotescu , Catalin"]
[Black "Negulescu, Adrian"]
[Result "0-1"]
[WhiteElo "2390"]
[BlackElo "2435"]
[PlyCount "81"]
[EventDate "1993.??.??"]
[EventRounds "9"]
[EventCountry "AUT"]

1. d4 e6 2. e4 d5 3. Nd2 c5 4. exd5 Qxd5 5. Ngf3 cxd4 6. Bc4 Qd6 7. O-O Nf6 8.
Nb3 Nc6 9. Nbxd4 Nxd4 10. Nxd4 a6 11. Bb3 Qc7 12. Re1 Bd6 13. Nf5 Bxh2+ 14. Kh1
O-O 15. Nxg7 Rd8 16. Qf3 Kxg7 17. g3 b5 18. Kxh2 Bb7 19. Qf4 Qc6 20. Rg1 Rd1
21. Be3 Rxa1 22. Qg5+ Kf8 23. Qc5+ Ke8 24. Qxc6+ Bxc6 25. Rxa1 Ng4+ 26. Kg1
Nxe3 27. fxe3 Rd8 28. Rf1 a5 29. a3 a4 30. Ba2 Be4 31. c4 Rd2 32. Rf2 Rd1+ 33.
Rf1 Rxf1+ 34. Kxf1 Bd3+ 35. Ke1 bxc4 36. Kd2 f5 37. Kc3 h5 38. Bxc4 Bxc4 39.
Kxc4 Kd7 40. b4 axb3 41. Kxb3 0-1

[Event "Wattens op"]
[Site "Wattens"]
[Date "1993.??.??"]
[Round "?"]
[White "Navrotescu , Catalin"]
[Black "Schwartzman, Gabriel"]
[Result "0-1"]
[WhiteElo "2390"]
[BlackElo "2480"]
[PlyCount "65"]
[EventDate "1993.??.??"]
[EventRounds "9"]
[EventCountry "AUT"]

1. Nf3 Nf6 2. g3 d5 3. Bg2 g6 4. d4 Bg7 5. c4 c6 6. Nc3 O-O 7. Qa4 Nbd7 8. cxd5
Nb6 9. Qb3 cxd5 10. O-O Bf5 11. Bf4 Nh5 12. Be3 Nf6 13. Rfc1 Rc8 14. a4 a5 15.
Bf4 Rc4 16. Qd1 Ne4 17. Nb5 Qa8 18. b3 Rc6 19. Ne5 Rxc1 20. Rxc1 Rc8 21. g4 Be6
22. Nc7 Qa7 23. Nxe6 fxe6 24. Rxc8+ Nxc8 25. Bxe4 dxe4 26. Qc2 Nd6 27. Qc7 Bf8
28. e3 Qa8 29. Nc4 Nxc4 30. Qxc4 Kf7 31. Qc2 b6 32. h3 Qd5 33. Qc4 {
Notation unvollstaendig ! Partie endete nach 51 Zuegen 0-1 !} 0-1

[Event "Bucharest"]
[Site "Bucharest"]
[Date "1992.??.??"]
[Round "?"]
[White "Bouaziz, Slim"]
[Black "Navrotescu , Catalin"]
[Result "1-0"]
[WhiteElo "2400"]
[BlackElo "2470"]
[PlyCount "85"]
[EventDate "1992.??.??"]
[EventType "tourn"]
[EventRounds "11"]
[EventCountry "ROM"]
[EventCategory "8"]
[Source "ChessBase"]
[SourceDate "1997.11.17"]

1. e4 c5 2. Nf3 e6 3. d4 cxd4 4. Nxd4 a6 5. Bd3 Nf6 6. O-O d6 7. c4 b6 8. Nc3
Bb7 9. Be3 Nbd7 10. f3 Rc8 11. Rc1 Be7 12. b3 Qc7 13. Re1 Qb8 14. Qd2 Bd8 15.
Kh1 Bc7 16. Bg1 h6 17. f4 O-O 18. Nf3 Rfe8 19. Bb1 Rcd8 20. Qc2 Nf8 21. Bd4 e5
22. fxe5 dxe5 23. Bf2 Ne6 24. Nd5 Nd7 25. Qb2 Ba8 26. a3 Bd6 27. b4 Bf8 28. Ba2
Nf4 29. Qb3 Nxd5 30. exd5 Rc8 31. Bg3 Bd6 32. Bb1 g6 33. Nh4 Kg7 34. Qf3 Nf6
35. Rf1 Be7 36. Rce1 Bd8 37. Ba2 Qd6 38. Rf2 a5 39. Rfe2 Nd7 40. Rf1 f5 41.
bxa5 bxa5 42. Nxf5+ gxf5 43. Qxf5 1-0

[Event "Bucharest"]
[Site "Bucharest"]
[Date "1992.??.??"]
[Round "?"]
[White "Grigore, George Gabriel"]
[Black "Navrotescu , Catalin"]
[Result "1-0"]
[WhiteElo "2410"]
[BlackElo "2470"]
[PlyCount "73"]
[EventDate "1992.??.??"]
[EventType "tourn"]
[EventRounds "11"]
[EventCountry "ROM"]
[EventCategory "8"]
[Source "ChessBase"]
[SourceDate "1997.11.17"]

1. d4 d5 2. c4 c6 3. cxd5 cxd5 4. Nc3 e5 5. Nf3 e4 6. Ne5 Be7 7. e3 Kf8 8. Nxd5
Qxd5 9. Bc4 Qd6 10. O-O Nh6 11. Qh5 Be6 12. d5 Nd7 13. dxe6 Nxe5 14. Bb3 fxe6
15. Bd2 Bf6 16. Bc3 Ke7 17. Rfd1 Qc5 18. Rac1 Rac8 19. Kh1 Rhd8 20. Rxd8 Rxd8
21. a3 Rd6 22. Bd2 Qb6 23. Bb4 Nd3 24. Rc8 Nf7 25. Ba4 Bg5 26. Re8+ Kf6 27.
Bc3+ e5 28. Rf8 Nxf2+ 29. Kg1 Nh3+ 30. Kf1 Qa6+ 31. Ke1 Bh4+ 32. Qxh4+ Nhg5 33.
Bb3 Qd3 34. Rxf7+ Kg6 35. Rxg7+ Kxg7 36. Qxg5+ Kf8 37. Bb4 1-0

[Event "Bucharest"]
[Site "Bucharest"]
[Date "1992.??.??"]
[Round "?"]
[White "Moldovan , Daniel"]
[Black "Navrotescu , Catalin"]
[Result "1-0"]
[WhiteElo "2435"]
[BlackElo "2470"]
[PlyCount "85"]
[EventDate "1992.??.??"]
[EventType "tourn"]
[EventRounds "11"]
[EventCountry "ROM"]
[EventCategory "8"]
[Source "ChessBase"]
[SourceDate "1997.11.17"]

1. e4 e6 2. d4 d5 3. Nc3 Bb4 4. e5 Qd7 5. Qg4 f5 6. Qg3 b6 7. a3 Bxc3+ 8. Qxc3
Ba6 9. Bxa6 Nxa6 10. Ne2 Ne7 11. O-O O-O 12. Qd3 Qc8 13. b4 c6 14. Bg5 Ng6 15.
h4 h6 16. h5 Nxe5 17. Qg3 Ng4 18. Bd2 Qc7 19. Nf4 Rfe8 20. Rae1 Qf7 21. f3 Nf6
22. Kf2 Nb8 23. Rh1 Nbd7 24. Ng6 Kh7 25. Qc7 Nxh5 26. Rxh5 Qxg6 27. Reh1 Re7
28. Bxh6 Kg8 29. Bf4 Nf6 30. Rh8+ Kf7 31. Qxc6 Rxh8 32. Rxh8 Ne8 33. Qc8 Qf6
34. c3 g5 35. Be5 Qg6 36. Bd6 Kg7 37. Be5+ Kf7 38. Bd6 Kg7 39. Bxe7 Kxh8 40.
Bxg5 Qxg5 41. Qxe8+ Kg7 42. Qxe6 Qd2+ 43. Kg3 1-0

[Event "Bucharest"]
[Site "Bucharest"]
[Date "1992.??.??"]
[Round "?"]
[White "Navrotescu , Catalin"]
[Black "Badea Takacs, Bela"]
[Result "1/2-1/2"]
[WhiteElo "2470"]
[BlackElo "2435"]
[PlyCount "43"]
[EventDate "1992.??.??"]
[EventType "tourn"]
[EventRounds "11"]
[EventCountry "ROM"]
[EventCategory "8"]
[Source "ChessBase"]
[SourceDate "1997.11.17"]

1. d4 Nf6 2. c4 g6 3. g3 Bg7 4. Bg2 O-O 5. Nc3 d6 6. Nf3 c6 7. O-O a6 8. e4
Nfd7 9. a4 a5 10. Bg5 Na6 11. Qd2 Re8 12. b3 Qb6 13. Rab1 e5 14. d5 Bf8 15. h4
h5 16. Ne1 Nac5 17. Nc2 Qc7 18. f3 Nb8 19. f4 exf4 20. Rxf4 Bg7 21. dxc6 bxc6
22. Bf6 1/2-1/2

[Event "Bucharest"]
[Site "Bucharest"]
[Date "1992.??.??"]
[Round "?"]
[White "Navrotescu , Catalin"]
[Black "Itkis, Boris"]
[Result "1/2-1/2"]
[WhiteElo "2470"]
[BlackElo "2450"]
[PlyCount "83"]
[EventDate "1992.??.??"]
[EventType "tourn"]
[EventRounds "11"]
[EventCountry "ROM"]
[EventCategory "8"]
[Source "ChessBase"]
[SourceDate "1997.11.17"]

1. Nf3 Nf6 2. g3 b6 3. Bg2 Bb7 4. O-O e6 5. c4 Be7 6. b3 O-O 7. Bb2 c5 8. Nc3
d6 9. d4 cxd4 10. Nxd4 Bxg2 11. Kxg2 a6 12. e3 Ra7 13. f4 Qc8 14. Qf3 Rc7 15.
Rac1 g6 16. e4 Nbd7 17. Rcd1 Re8 18. Rfe1 Qb7 19. Re2 Rec8 20. e5 dxe5 21. Qxb7
Rxb7 22. fxe5 Ne8 23. Nf3 b5 24. cxb5 axb5 25. Nxb5 Ra8 26. a4 Nc5 27. Re3 Nc7
28. Nxc7 Rxc7 29. Nd4 Rd7 30. Ba3 Bf8 31. Kf3 Rad8 32. Rc1 Nxb3 33. Rxb3 Rxd4
34. Bxf8 Kxf8 35. Ra1 Ra8 36. a5 Ra6 37. Rb6 Rxb6 38. axb6 Rb4 39. Ra8+ Kg7 40.
Rb8 Kh6 41. h4 g5 42. hxg5+ 1/2-1/2

[Event "Bucharest"]
[Site "Bucharest"]
[Date "1992.??.??"]
[Round "?"]
[White "Navrotescu , Catalin"]
[Black "Vasilescu, Lucian-Mihail"]
[Result "1-0"]
[WhiteElo "2470"]
[BlackElo "2430"]
[PlyCount "98"]
[EventDate "1992.??.??"]
[EventType "tourn"]
[EventRounds "11"]
[EventCountry "ROM"]
[EventCategory "8"]
[Source "ChessBase"]
[SourceDate "1997.11.17"]

1. Nf3 c5 2. g3 g6 3. Bg2 Bg7 4. d4 cxd4 5. Nxd4 Nc6 6. Nb3 b6 7. O-O Bb7 8. e4
d6 9. f4 Nf6 10. Nc3 O-O 11. Be3 Nd7 12. Qd2 Nc5 13. Nd4 Nxd4 14. Bxd4 Bxd4+
15. Qxd4 Ne6 16. Qd2 Qc8 17. Rad1 Ng7 18. f5 f6 19. g4 g5 20. Rf2 Qc5 21. e5
Bxg2 22. exf6 Bb7 23. fxg7 Rf7 24. Qxg5 Rxg7 25. Qf4 Kh8 26. h3 Rag8 27. Kh2 h5
28. f6 Rh7 29. fxe7 hxg4 30. Qf6+ Rhg7 31. hxg4 Qe5+ 32. Qxe5 dxe5 33. Rf5 Rxe7
34. Kg3 Rg6 35. Re1 e4 36. Kf4 Rge6 37. Rh1+ Kg7 38. Rg5+ Rg6 39. Rhh5 Rf7+ 40.
Rf5 Re7 41. Re5 Rf6+ 42. Rhf5 Rfe6 43. Nxe4 Bxe4 44. Kxe4 Rxe5+ 45. Rxe5 Rc7
46. c3 Kf6 47. Kd4 Rg7 48. g5+ Kg6 49. a4 Rh7 1-0

[Event "Bucharest"]
[Site "Bucharest ROM"]
[Date "1992.??.??"]
[Round "?"]
[White "Dumitrache, Dragos Nicolae"]
[Black "Navrotescu , Catalin"]
[Result "1/2-1/2"]
[WhiteElo "2400"]
[BlackElo "2470"]
[PlyCount "20"]
[EventDate "1992.??.??"]

1. d4 d5 2. c4 c6 3. Nf3 Nf6 4. cxd5 cxd5 5. Nc3 Nc6 6. e3 Bf5 7. Bd3 Bxd3 8.
Qxd3 e6 9. O-O Be7 10. Bd2 O-O 1/2-1/2

[Event "Caciulata"]
[Site "Calimanesti"]
[Date "1992.??.??"]
[Round "?"]
[White "Lanka, Zigurds"]
[Black "Navrotescu , Catalin"]
[Result "0-1"]
[WhiteElo "2490"]
[BlackElo "2360"]
[PlyCount "140"]
[EventDate "1992.??.??"]

1. e4 e5 2. Nf3 Nc6 3. Bb5 a6 4. Ba4 Nf6 5. O-O b5 6. Bb3 Bb7 7. d3 Bd6 8. a3
O-O 9. Nc3 h6 10. Ba2 Re8 11. h3 Nd4 12. Nxd4 exd4 13. Ne2 Bc5 14. c3 dxc3 15.
bxc3 Bb6 16. Bf4 c5 17. Ng3 Bc7 18. Bxc7 Qxc7 19. f4 c4 20. Nf5 d6 21. Qe1 Kh7
22. Qh4 Ng8 23. e5 dxe5 24. fxe5 Rxe5 25. Qg3 g6 26. d4 Re7 27. Qxc7 Rxc7 28.
Nd6 Bd5 29. Rae1 Rd8 30. Ne4 Bxe4 31. Rxe4 Kg7 32. Re5 Nf6 33. Bb1 Nd5 34. Rf3
Re7 35. Be4 Rxe5 36. dxe5 Nc7 37. Rf6 Re8 38. Bb7 Rxe5 39. Rc6 Re7 40. a4 bxa4
41. Rxc4 Nb5 42. Bc6 a3 43. Ra4 Re3 44. Kh2 Rxc3 45. Bd5 h5 46. Bb7 Rc7 47. Bf3
Rc2 48. Rxa6 a2 49. Bd5 Nc3 50. Bb3 Rb2 51. Bc4 f5 52. Kg3 h4+ 53. Kf3 Ne4 54.
Bd5 Nc3 55. Bc4 Kh6 56. Bf7 Kg7 57. Bc4 Ne4 58. Bd5 Rf2+ 59. Ke3 Rxg2 60. Bxe4
fxe4 61. Kxe4 Rh2 62. Kf3 g5 63. Kg4 Rg2+ 64. Kh5 Kf7 65. Ra7+ Kf6 66. Ra5 Ke6
67. Ra6+ Kd5 68. Ra5+ Kc4 69. Ra3 Kb5 70. Ra8 Kb4 0-1